Lata w historii #2 – quiz wielokrotnego wyboru - Statystyki

Ogólne statystyki
  • Ten quiz został rozwiązany 1 643 razy
  • Średni wynik to 13 z 20
Statystyki odpowiedzi
Zagadnienie Odpowiedź % Poprawnych
Kapitulacja Japonii i Niemiec, kończąca II wojnę światową 1945
100%
Ataki terrorystyczne na Stany Zjednoczone z 11 września 2001
98%
Konstytucja 3 Maja ratyfikowana 1791
87%
Zjazd gnieźnieński 1000
83%
Jan III Sobieski pokonuje Imperium Osmańskie pod Wiedniem 1683
83%
Zabito Juliusza Cezara 44 p.n.e.
77%
Jan Gutenberg wynalazł prasę drukarską 1450
76%
W Imperium Brytyjskim zniesiono niewolnictwo 1833
75%
Kryzys kubański 1962
64%
Chrześcijanie zdobywają Jerozolimę podczas pierwszej krucjaty 1099
60%
Thomas Jefferson kupuje od Francji terytorium Luizjany 1803
60%
Zamordowano Abrahama Lincolna 1865
59%
Piekarnia na Pudding Lane wywołuje wielki pożar Londynu 1666
55%
Wielka Piramida w Gizie ukończona (w przybliżeniu) 2560 p.n.e.
54%
Edward VIII abdykuje, aby poślubić amerykańską rozwódkę Wallis Simpson 1936
52%
Kolonie brytyjskie jednoczą się, tworząc Dominium Kanady 1867
47%
Śmierć królowej Elżbiety I oznacza koniec dynastii Tudorów 1603
46%
Charles Lindbergh leci samotnie z Nowego Jorku do Paryża 1927
44%
Rozpoczyna się Konfederacja Barska 1768
42%
Chrześcijanie dokończyli „Rekonkwistę”, pokonując ostatnie islamskie królestwo w Hiszpanii 1492
37%
Nie znaleziono quizów pasujących do podanych kryteriów
Rozkład punktacji
Procent ludzi z każdym wynikiem
Percentyl według liczby udzielonych odpowiedzi
Twoja historia wyników
Nie rozwiązałeś tego quizu